000
00263nam a22001097a 4500
008
170118b xxu||||| |||| 00| 0 eng d
020
_a
9780131884618
041
_a
eng
080
_2
2ND
_a
618.2
245
_a
MEDICAL-SURGICAL NURSING CARE
_c
BLACK, M
942
_2
udc
_c
BK
999
_c
3073
_d
3073